Vista normal
Vista MARC
- INTEGRACIÓN ESCOLAR
Entrada Topical Term
Número de registros utilizados en: 1
001 - CONTROL NUMBER
- control field: 59408
003 - CONTROL NUMBER IDENTIFIER
- control field: OSt
005 - DATE AND TIME OF LATEST TRANSACTION
- control field: 20210113093406.0
008 - FIXED-LENGTH DATA ELEMENTS
- fixed length control field: 210113|| aca||aabn | a|a d
040 ## - CATALOGING SOURCE
- Original cataloging agency: OSt
- Transcribing agency: OSt
150 ## - HEADING--TOPICAL TERM
- Topical term or geographic name entry element: INTEGRACIÓN ESCOLAR
670 ## - SOURCE DATA FOUND
- Source citation: Work cat.: (OSt): Narvarte, María 59405, Diversidad en el aula : necesidades educativas especiales